000 00536nam a2200181 a 4500
005 20220818063535.0
008 040325s2000 cl r 000 0 spa d
020 _a9583007226
035 _aUPN01000132814
049 _aI
050 4 _aPZ78
_bP8.2
100 1 _aPuccini de Rosado, Nora,
_d1940-
245 1 3 _aEl barco sin capitán /
_cNora Puccini de Rosado ; il. de Juan Sierra.
260 _aBogotá :
_bPanamericana,
_c2000.
300 _a38 p. :
_bil. col.
650 0 _aCuentos infantiles colombianos
_94407
905 _aInfantil
999 _c104968
_d104968